000 00495nam a2200181 a 4500
001 33369
005 20180714001254.0
008 140415s1974 000 0 spa d
020 _a8423915700
041 _aspa
082 _a862
_bMIH
100 1 _aMIHURA, MIGUEL
245 1 0 _aMELOCOTON EN ALMIBAR :
_bNINETTE Y UN SEÑOR DE MURCIA
260 _a[s.l.] :
_bESPASA-CALPE,
_c1974
300 _a213
490 _aAUSTRAL
_v1570
650 1 4 _aLITERATURA ESPAOLA
_xTEATRO ESPAOL
999 _c33369
_d33369